| 000 -LEADER |
| fixed length control field |
00801nam a22002057a 4500 |
| 005 - DATE AND TIME OF LATEST TRANSACTION |
| control field |
20221107165456.0 |
| 008 - FIXED-LENGTH DATA ELEMENTS--GENERAL INFORMATION |
| fixed length control field |
201022s2019 enk||||| |||| 00| 0 eng d |
| 020 ## - INTERNATIONAL STANDARD BOOK NUMBER |
| International Standard Book Number |
9781789905281x |
| 041 ## - LANGUAGE CODE |
| Language code of text/sound track or separate title |
geo |
| 080 ## - UNIVERSAL DECIMAL CLASSIFICATION NUMBER |
| Universal Decimal Classification number |
338.48 H-22 |
| 245 ## - TITLE STATEMENT |
| Title |
Handbook of human resource management in the tourism and hospitality Industries / |
| Statement of responsibility, etc. |
Edited by Ronald J. Burke, Julia Ch. Hughes. |
| 264 ## - PRODUCTION, PUBLICATION, DISTRIBUTION, MANUFACTURE, AND COPYRIGHT NOTICE |
| Place of production, publication, distribution, manufacture |
Cheltenham : |
| Name of producer, publisher, distributor, manufacturer |
Edward elgar publishing, |
| Date of production, publication, distribution, manufacture, or copyright notice |
2018. |
| 300 ## - PHYSICAL DESCRIPTION |
| Extent |
429 p.; |
| Other physical details |
22 cm. |
| 653 ## - INDEX TERM--UNCONTROLLED |
| keyword |
მენეჯმენტი |
| 653 ## - INDEX TERM--UNCONTROLLED |
| keyword |
ტურიზმი |
| 653 ## - INDEX TERM--UNCONTROLLED |
| keyword |
სტუმარ მასპინძლობის ინდუსტრია |
| 700 ## - ADDED ENTRY--PERSONAL NAME |
| Personal name |
Burke, Ronald J. |
| Relator term |
რედაქტორი |
| 9 (RLIN) |
9657 |
| 700 ## - ADDED ENTRY--PERSONAL NAME |
| Personal name |
Hughes, Julia Ch. |
| Relator term |
რედაქტორი |
| 9 (RLIN) |
9658 |
| 942 ## - ADDED ENTRY ELEMENTS (KOHA) |
| Source of classification or shelving scheme |
|
| Koha item type |
წიგნი |